000 00806nam a2200253 a 4500
001 BRCA_8104
005 20190320210131.0
008 080414s1962----sp-a###f##---#001-0#spa-#
041 _aspa
044 _asp
050 4 _aQH278.5
_b.W436
_c1962
100 1 _aWeizsäcker, Carl Friedrich von
_d1912-2007
_920164
245 1 0 _aHistoria de la naturaleza
_cCarl Friedrich von Weiszäcker ; traducción de Eva Kleen.
260 _aEspaña
_bEdiciones Rialp
_c1962
300 _a257 p.
_bil.
_c19 cm.
440 0 _aBiblioteca del Pensamiento Actival
_920165
500 _aY154
500 _aTítulo original del alemán : Die Geschichte der Natur
650 1 4 _aNaturaleza
_vHistoria
_920166
650 1 4 _aNaturaleza
_vIlustrada
_920167
700 1 _aKleen, Eva
_etr.
_920168
902 _aGFM
942 _2lcc
_cB
999 _c7772
_d7772